Quizzes
Events
Quiz Creation
Community
Videos
Private Events
Remove Ads
Sign In
Join for FREE
Feedback
Dark Mode
Quiz Categories
Sports
Geography
Music
Movies
Television
Just For Fun
Miscellaneous
History
Literature
Language
Science
Gaming
Entertainment
Religion
Holiday
For Kids
Quiz Lab
Recent
Popular Today
Quiz Kudos Today
Editor Picks
Curator Picks
Quizzes by...
Day
Popularity
Type
Ratings
Length
Year
Community
Subscriptions
Recent Discussions
Orange Saloon
Badges
Playlists
Quests
Create
Leaderboards
Showdown
Live 5
Trivia Bingo
Activity
Puzzle Library
Sporcle Events
Private Events
Virtual Trivia
Globe League
Become a Host
Pub Owners
SporcleCon
Opinionation
Our Games
Videos
Blog
Mobile Apps
Partnerships
Remove Ads and Go Orange
Feedback
Television
TV Characters
TV Show
Sitcom
Network
Friends
Reality Shows
Cast
South Park
Star Trek
The Simpsons
Doctor Who
Television
TV Characters
TV Show
Sitcom
Network
Friends
Reality Shows
Cast
South Park
Star Trek
The Simpsons
Doctor Who
Random Quiz
Search Sporcle
×
Quiz Lab
Quiz Lab
Television
TV Show
Type in answers that appear in a list
Type in answers that appear in a list
Classic
Best Score? Go Orange.
Dr. Quinn Characters (Pictures) Stats
Can you name the characters from the smash hit, Dr. Quinn, Medicine Woman and the actors who played them?
By
tinjack
9m
60 Questions
848 Plays
848 Plays
848 Plays
Comments
Comments
Give Quiz Kudos
Give Quiz Kudos
-
- Ratings
hide this ad
Replay
Link that replays current quiz
Next Quiz
Link to next quiz in quiz playlist
You Got
0%
They Got
Avg Score
53%
Avg Friend Score
Upgrade to see
Score Distribution
Jump to the score distribution portion of the page
Score
0/60
Timer
09:00
0
Plays Today
Picture #
Name
% Correct
Picture #1 Character
Hank Lawson
92.1%
Picture #17 Character
Dr. Michaela Quinn
85.3%
Picture #11 Character
Byron Sully
84.9%
Picture #8 Character
Colleen Cooper
81.1%
Picture #30 Character
Colleen Cooper
81.1%
Picture #4 Character
Loren Bray
80.3%
Picture #12 Character
Brian Cooper
79%
Picture #5 Character
Grace
78.9%
Picture #14 Character
Matthew Cooper
78.3%
Picture #9 Character
Robert E.
75%
Picture #19 Character
Horace Bing
74.2%
Picture #2 Character
Snow Bird
73.2%
Picture #10 Character
Jake Slicker
73%
Picture #26 Character
Cloud Dancing
72.5%
Picture #6 Character
Reverend Timothy Johnson
71.5%
Picture #18 Character
Dorothy Jennings
71.2%
Picture #15 Character
Ingrid
69.7%
Picture #16 Character
Dr. Andrew Cook
68.9%
Picture #17 Actor
Jane Seymour
68.2%
Picture #11 Actor
Joe Lando
66%
Picture #28 Character
Myra Bing
65.4%
Picture #3 Character
Kid Cole
64.7%
Picture #3 Actor
Johnny Cash
63%
Picture #7 Character
Olive Davis
61.2%
Picture #13 Character
General George Custer
58.8%
Picture #24 Character
Preston A. Lodge III
56.7%
Picture #4 Actor
Orson Bean
56.7%
Picture #8 Actor
Erika Flores
55.9%
Picture #14 Actor
Chad Allen
55.9%
Picture #22 Character
Emma
55.5%
Picture #
Name
% Correct
Picture #25 Character
Becky Bonner
53.5%
Picture #12 Actor
Shawn Toovey
52.7%
Picture #29 Character
Charlotte Cooper
50.5%
Picture #1 Actor
William Shockley
48.9%
Picture #20 Character
Marjorie Quinn
46.7%
Picture #5 Actor
Jonelle Allen
46%
Picture #27 Character
Daniel Simon
44.9%
Picture #30 Actor
Jessica Bowman
43.2%
Picture #21 Character
Teresa Morales
41.7%
Picture #18 Actor
Barbara Babcock
41.7%
Picture #23 Character
Alice
41.3%
Picture #26 Actor
Larry Sellers
35.3%
Picture #2 Actor
Tantoo Cardinal
34.9%
Picture #9 Actor
Henry G. Sanders
33.7%
Picture #13 Actor
James Leland Adams
33.6%
Picture #16 Actor
Brandon Douglas
33.4%
Picture #10 Actor
Jim Knobeloch
33.3%
Picture #6 Actor
Geoffrey Lower
33.1%
Picture #28 Actor
Helene Udy
32.9%
Picture #19 Actor
Frank Collison
32.2%
Picture #20 Actor
Alley Mills
32.1%
Picture #7 Actor
Gail Strickland
31.3%
Picture #15 Actor
Jennifer Youngs
30%
Picture #24 Actor
James Leland Adams
26.5%
Picture #25 Actor
Haylie Johnson
26.1%
Picture #29 Actor
Diane Ladd
24.8%
Picture #27 Actor
John Schneider
22.5%
Picture #22 Actor
Charlotte Chatton
21.3%
Picture #23 Actor
Andy Bakkum
18.2%
Picture #21 Actor
Michelle Bonilla
17%
Quiz Playlist
Details
Report
Send in Message
Add To Playlist
Classic:
Type in answers that appear in a list
Quiz Source
Last Updated: Feb 16, 2017
Quiz Scoreboard
CHALLENGE
Sign Up to Join the Scoreboard
Show All
Scores
Hide
Comments
May contain spoilers
Recently Published
One Thing in Common: World Cities II
by knightlancer
Geography
7m
Popular People in 1961
by mucciniale
History
6m
1-10 Letter E Words III
by El_Dandy
Language
2m
More to Explore
Quiz From the Vault
Featured Blog Post
Where Did the Easter Bunny Come From?
hide this ad
You Might Also Like...
Tags
Cast Quiz
TV Show Quiz
1990s
Today's Top Quizzes in Television
Browse Television
hide this ad
Today's Top Quizzes in TV Show
Browse TV Show
Top Contributed Quizzes in Television
1
One Piece Logic Puzzle
2
Survivor Logic Puzzle: Heroes vs. Villains
3
Survivor Seasons
4
Survivor Season by Logo
5
Survivor Trivia
6
Survivor Logic Puzzle: Winners at War
7
Ultimate Survivor Logic Puzzle
8
Phoebe Buffay Quotes
9
Emmerdale Characters (from August 2012)
10
One Thing in Common: Television
Explore More
Trending Topics
Disney
Kpop
Marvel
Crossword
NBA
Anime
Harry Potter
Puzzle
Country
WWE
Soccer
NFL
Song
Pokémon
The Office
hide this ad
More By:
tinjack
Quiz
Plays
Rating
Category
Featured
Created
Dr. Quinn Characters (Pictures)
848
5.00
Television
Nov 25, 2011
Go to Creator's Profile
Score Distribution
Quiz Creator Spotlight
tinjack
Follow
Send a Message
Quizzes Created
-
Created Quiz Play Count
-
More By This Creator
Popular Quizzes Today
1
Find the US States - No Outlines Minefield
2
Find the Countries of Europe - No Outlines Minefield
3
The Countries of the World
4
Popular People in 1961
5
1-10 Letter E Words III
6
Find the US States
7
One Thing in Common: World Cities II
8
US States
More Television Quizzes
1970s TV: Original or Spin-off Blitz
Curator's Pick
Trending Quizzes
Risky Map Clicking: Least Populous States A-Z
1-10 Letter F Words
1-10 Letter G Words
One Thing in Common: United Kingdom
Risky Map Clicking: Biggest States A-Z
Recently Updated
Leaping Animals
pecheneg
Reality TV Shows (A-Z)
bhenderson79
Rickey Henderson's Hall of Fame Teammates
pecheneg
Champions League XIs: Arsenal
pecheneg
Quick Pick: Celebrities in WWE's Hall of Fame
aduchscher
A-Z Keypad Blitz II
pecheneg
Multiple Oscar Actors
pecheneg
Mystery Phrase Blitz: Oscar 'Best Actors'
pecheneg
F. Scott Fitzgerald Novels
LTH
Pick 3 Villains
ddd62291
Trending Topics
NBA
Disney
Kpop
Harry Potter
Marvel
Crossword
Anime
NFL
Country
WWE
Pokémon
The Office
Soccer
Puzzle
Song
Your Account Isn't Verified!
In order to create a playlist on Sporcle, you need to verify the email address you used during registration. Go to your
Sporcle Settings
to finish the process.
Report this User
Report this user for behavior that violates our
Community Guidelines
.
Details:
Send Report
Go to the Sporcle.com Mobile Site →
Comments